000 00653nam a2200229Ia 4500
003 OSt
005 20220926015652.0
006 a|||||r|||| 00| 0
007 ta
008 220923b |||||||| |||| 00| 0 eng d
037 _cGeneral Book
040 _aRTL
_cRTL
_beng
041 _2eng
_aeng
082 _aX:8:(D6,9(B), M9
100 _aBridge John
_9279686
245 0 _aManagerial decision with the microcomputer
260 _aNew York
_bPhilip Allan U S A
_c1989
300 _ax, 230p. Bib chapterwise
_ccm.
650 _aManagement
_930681
942 _hX:8:(D6,9(B), M9
_cGB
_2CC
999 _c632222
_d632222